ბათუმის შოთა რუსთაველის სახელმწიფო უნივერსიტეტის ბიბლიოთეკა

The propagation of radio waves: The theory of radio waves of low power in the ionosphere and magnetoshere/ (ბიბ.ჩანაწერი № 41098)

000 -LEADER
fixed length control field 00657nam a2200217Ia 4500
001 - CONTROL NUMBER
control field 7748
003 - CONTROL NUMBER IDENTIFIER
control field GE_BSU
005 - DATE AND TIME OF LATEST TRANSACTION
control field 20221116112551.0
008 - FIXED-LENGTH DATA ELEMENTS--GENERAL INFORMATION
fixed length control field 181216s1985en xx |||||||||||||| ||eng||
020 ## - INTERNATIONAL STANDARD BOOK NUMBER
International Standard Book Number 9780521369527 x
040 ## - CATALOGING SOURCE
Transcribing agency GE_BSU
041 ## - LANGUAGE CODE
Language code of text/sound track or separate title eng
080 ## - UNIVERSAL DECIMAL CLASSIFICATION NUMBER
Universal Decimal Classification number 551.5/27 B-92
100 ## - MAIN ENTRY--PERSONAL NAME
Personal name Budden,K.G.
9 (RLIN) 14748
245 #4 - TITLE STATEMENT
Title The propagation of radio waves: The theory of radio waves of low power in the ionosphere and magnetoshere/
Remainder of title K.G. Budden,
264 ## - PRODUCTION, PUBLICATION, DISTRIBUTION, MANUFACTURE, AND COPYRIGHT NOTICE
Place of production, publication, distribution, manufacture Cambridge :
Name of producer, publisher, distributor, manufacturer Cambridge university Press,
Date of production, publication, distribution, manufacture, or copyright notice 1985.
300 ## - PHYSICAL DESCRIPTION
Extent 669p.
Other physical details Ill;
Dimensions 26 cm.
653 ## - INDEX TERM--UNCONTROLLED
keyword The propagation of radio waves
653 ## - INDEX TERM--UNCONTROLLED
keyword ფიზიკა
942 ## - ADDED ENTRY ELEMENTS (KOHA)
Koha item type წიგნი
Source of classification or shelving scheme
ეგზემპლარები
Withdrawn status Lost status Source of classification or shelving scheme Damaged status Not for loan Permanent Location Current Location Shelving location Date acquired Cost, normal purchase price Full call number Barcode Date last seen Copy number Price effective from Koha item type Public note
          ბათუმის შოთა რუსთაველის სახელმწიფო უნივერსიტეტის მთავარი ბიბლიოთეკა ტექნოლოგიური ფაკულტეტის ბიბლიოთეკა წიგნსაცავი 2018-12-17 238.00 551.5/27 B-92 24135 2018-12-17 24135 2018-12-17 წიგნი 238gel.